000 00290nam a22001337a 4500
008 170807b xxu||||| |||| 00| 0 eng d
020 _a636920002833
041 _aeng
080 _a004
100 _a34
101 _aSHKI
245 _aJAVA IN A NU7TSHELL
_cFLANAGAN, D
942 _2udc
_cBK
999 _c22828
_d22828